| 000 | 00000nam 2200000za 4500 |
| 001 | 9.661079 |
| 003 | CaOODSP |
| 005 | 20210913132340 |
| 007 | ta |
| 008 | 150407s1999 oncd f000 0 eng d |
| 020 | |a0-662-64311-9 |
| 040 | |aCaOODSP|beng |
| 041 | |aeng |
| 041 | |afre |
| 043 | |an-cn--- |
| 086 | 1 |aC2-441/1999 |
| 110 | 1 |aCanada. |bAdvisory Council on Science and Technology. |
| 245 | 10|aPublic investments in university research: reaping the benefits : |breport of the Expert Panel on the Commercialization of University Research |
| 260 | |aOttawa - Ontario : |bIndustry Canada. |c1999. |
| 300 | |aEnglish text, viii, 50p. : |bgraphs, references, tables ; |c28 cm. |
| 546 | |aBilingual |
| 563 | |aSoftcover |
| 590 | |a01-35|b2001-08-31 |
| 690 | 07|aUniversities|2gcpds |
| 690 | 07|aResearch|2gcpds |
| 690 | 07|aResearch grants|2gcpds |
| 690 | 07|aMarketing|2gcpds |
| 776 | 0#|tLes investissements publics dans la recherche universitaire : comment les faire fructifier : |w(CaOODSP)9.639297 |
| 776 | 0#|tPublic investments in university research - reaping the benefits : |w(CaOODSP)9.695153 |
| 792 | |tLes investissements publiques dans la recherche universitaire: comment les faire fructifier : |efre|w(CaOODSP)9.661080 |